| 000 | 00587nam a2200217 i 4500 | ||
|---|---|---|---|
| 001 | 19391 | ||
| 003 | ES-MaACL | ||
| 005 | 20230906152103.0 | ||
| 007 | t| | ||
| 008 | 020805s2002 sp ||||1| spa d | ||
| 020 | _a84-670-0056-2 | ||
| 080 | _a821.134.2-31"19" | ||
| 100 | 1 |
_aAbad, Iñaki, _d1963- _917903 |
|
| 245 | 1 | 3 |
_aEl hábito de la guerra / _cIñaki Abad. |
| 260 |
_aMadrid : _bEspasa Calpe, _c[2002] |
||
| 300 |
_a247 p. ; _c22 cm. |
||
| 490 | 1 | _aEspasa narrativa | |
| 830 | 0 |
_aEspasa narrativa _9179733 |
|
| 852 |
_aES-MaACL _jL-25810 _bR.131497 |
||
| 999 |
_c19391 _d19391 |
||